'A' Blitz Quiz Stats

 Plays Quiz Updated Dec 9, 2017

Also try: 'B' Blitz
Challenge
Share
Tweet
Embed
Score 0/40 Timer 04:00
22 Plays Today
Category Answer % Correct
MonthApril
96.8%
US StateAlabama
90.4%
3 letter body partArm
87.3%
Singing chipmunkAlvin
82.1%
Greek godApollo
77.9%
African countryAlgeria
75.2%
Olympic cityAthens
74.6%
US PresidentAdams
72%
European countryAlbania
71.8%
ElementActinium
71.2%
South American countryArgentina
71.1%
Punctuation markApostrophe
69.9%
Canadian provinceAlberta
63.6%
Olympic sportArchery
62.6%
Part of speechAdjective
62%
Country in OceaniaAustralia
61%
James Cameron movieAvatar
60.9%
Simpsons' characterApu
55.6%
Military rankAdmiral
55.1%
ConstellationAndromeda
54.9%
Category Answer % Correct
BirthstoneAmethyst
53.2%
Wimbledon winner (Mens)Andre Agassi
51.2%
Asian countryAfghanistan
50.3%
New Testament bookActs
42%
Wonka kid (first name)Augustus
41%
Shakespeare playAntony and Cleopatra
41%
English monarchAnne
39.7%
Apostle (Christian)Andrew
39.7%
Original Premier League teamArsenal
35.5%
Beatles songAll My Loving
34.5%
Three MusketeersAthos
33.9%
Oscar Best MovieAmerican Beauty
32.4%
North American countryAntigua and Barbuda
30.2%
Pokémon (Generation 1)Arbok
28.8%
Crayola crayon colorApricot
28.3%
Old Testament bookAmos
26%
Harry Potter classArithmancy
22.7%
Tony Best MusicalAnnie
19.5%
SI base unitAmpere
16.9%
Emmy comedy winner (Show)Ally McBeal
15.7%

You're not logged in!

Compare scores with friends on all Sporcle quizzes.
Join for Free
OR
Log In

You Might Also Like...

Show Comments

Extras

Top Quizzes Today


Score Distribution

Your Account Isn't Verified!

In order to create a playlist on Sporcle, you need to verify the email address you used during registration. Go to your Sporcle Settings to finish the process.

Report this User

Report this user for behavior that violates our Community Guidelines.

Details: